Lecciones preliminares de filosofía / (Registro nro. 2717)

Detalles MARC
000 -LEADER
campo de control de longitud fija 02022nam a2200541 i 4500
001 - NÚMERO DE CONTROL
campo de control 2717
003 - IDENTIFICADOR DE NÚMERO DE CONTROL
campo de control gttocutb
005 - FECHA Y HORA DE LA ÚLTIMA TRANSACCIÓN
campo de control 20260307112218.0
007 - CAMPO FIJO DE DESCRIPCIÓN FÍSICA--INFORMACIÓN GENERAL
campo de control de longitud fija ta
008 - DATOS DE LONGITUD FIJA--INFORMACIÓN GENERAL
campo de control de longitud fija 260307b2013 gt |||||r|||| 001 0 spa d
040 ## - FUENTE DE CATALOGACIÓN
Centro catalogador/agencia de origen gttocutb
Lengua de catalogación spa
Centro/agencia transcriptor gttocutb
Centro/agencia modificador gttocutb
Normas de descripción rda
082 04 - NÚMERO DE LA CLASIFICACIÓN DECIMAL DEWEY
Número de clasificación 100 G165
100 1# - ENTRADA PRINCIPAL--NOMBRE DE PERSONA
Nombre de persona García Morente, Manuel,
Término indicativo de función/relación autor.
245 10 - MENCIÓN DEL TÍTULO
Título Lecciones preliminares de filosofía /
Mención de responsabilidad, etc. autor Manuel García Morente.
264 1# - PRODUCCIÓN, PUBLICACIÓN, DISTRIBUCIÓN, FABRICACIÓN Y COPYRIGHT
Producción, publicación, distribución, fabricación y copyright Guatemala :
Nombre del de productor, editor, distribuidor, fabricante Editorial estudiantil Fenix
Fecha de producción, publicación, distribución, fabricación o copyright 2013.
300 1# - DESCRIPCIÓN FÍSICA
Extensión 207 páginas :
Dimensiones 21 cm.
336 ## - TIPO DE CONTENIDO
Fuente rdacontenido
Término de tipo de contenido texto
Código de tipo de contenido txt
337 ## - TIPO DE MEDIO
Fuente rdamedio
Nombre/término del tipo de medio sin mediación
Código del tipo de medio n
338 ## - TIPO DE SOPORTE
Fuente rdasoporte
Nombre/término del tipo de soporte volumen
Código del tipo de soporte nc
505 04 - NOTA DE CONTENIDO CON FORMATO
Información miscelánea Contenido
505 04 - NOTA DE CONTENIDO CON FORMATO
Título El conjunto de la filosofía --
505 04 - NOTA DE CONTENIDO CON FORMATO
Título El método de la filosofía --
505 04 - NOTA DE CONTENIDO CON FORMATO
Título La intuición como método de la filosofía --
505 04 - NOTA DE CONTENIDO CON FORMATO
Título Ingreso en la ontología --
505 04 - NOTA DE CONTENIDO CON FORMATO
Título La metafísica de parménides --
505 04 - NOTA DE CONTENIDO CON FORMATO
Título El realismo de las ideas de Platón --
505 04 - NOTA DE CONTENIDO CON FORMATO
Título El realismo aristotélico --
505 04 - NOTA DE CONTENIDO CON FORMATO
Título Origen del idealismo --
505 04 - NOTA DE CONTENIDO CON FORMATO
Título El sistema de descartes --
505 04 - NOTA DE CONTENIDO CON FORMATO
Título Femenología del conocimiento .
505 04 - NOTA DE CONTENIDO CON FORMATO
Título El racionalismo --
505 04 - NOTA DE CONTENIDO CON FORMATO
Título La metafísica del racionalismo --
505 04 - NOTA DE CONTENIDO CON FORMATO
Título El problema del idealismo trascendental --
505 04 - NOTA DE CONTENIDO CON FORMATO
Título La estética trascendental --
505 04 - NOTA DE CONTENIDO CON FORMATO
Título Análitica trascendental --
505 04 - NOTA DE CONTENIDO CON FORMATO
Título Dialéctica trascendental --
505 04 - NOTA DE CONTENIDO CON FORMATO
Título Fudamentos morales de la metafísica --
505 04 - NOTA DE CONTENIDO CON FORMATO
Título El idealismo después de Kant --
505 04 - NOTA DE CONTENIDO CON FORMATO
Título Entrada en la ontología --
505 04 - NOTA DE CONTENIDO CON FORMATO
Título De lo real a lo ideal --
505 04 - NOTA DE CONTENIDO CON FORMATO
Título Ontología de los valores --
505 04 - NOTA DE CONTENIDO CON FORMATO
Título Ontología de la vida --
520 ## - RESUMEN, ETC.
Sumario, etc. La filosofía y su vivencia, definiciones filosóficas y vivencias filosóficas, sentido de la voz filosofía, filosofía antigua, filosofía en la edad media.
521 ## - NOTA DE PÚBLICO DESTINATARIO
Nota de público destinatario Recomendado para público en general.
650 14 - PUNTO DE ACCESO ADICIONAL DE MATERIA--TÉRMINO DE MATERIA
Fuente del encabezamiento o término LEMB
Término de materia o nombre geográfico como elemento de entrada Conocimiento
650 14 - PUNTO DE ACCESO ADICIONAL DE MATERIA--TÉRMINO DE MATERIA
Fuente del encabezamiento o término LEMB
Término de materia o nombre geográfico como elemento de entrada Filosofía
942 ## - ELEMENTOS DE ENTRADA SECUNDARIOS (KOHA)
Fuente de la clasificación o esquema de estantería Clasificación Decimal Dewey
Tipo de ítem Koha Libros
Suprimir en OPAC No
Existencias
Estatus retirado Estado de pérdida Fuente de la clasificación o esquema de estantería Estado de daño No para préstamo Colección Biblioteca de origen Biblioteca actual Ubicación en estantería Fecha de adquisición Fuente de adquisición Información codificada de la localización en otra ubicación Número de inventario Total de préstamos Signatura topográfica completa Visto por última vez Precio de reemplazo Tipo de ítem Koha
    Clasificación Decimal Dewey     general BIBLIOTECA CUNTOTO BIBLIOTECA CUNTOTO Colección general 24/07/2014 Compra directa 237-246 53-H-1284-2014   100 G165 09/03/2026 09/03/2026 Libros